Biochemistry (Record no. 4612)

MARC details
000 -LEADER
fixed length control field 00427nam a22001817a 4500
008 - FIXED-LENGTH DATA ELEMENTS--GENERAL INFORMATION
fixed length control field 260310b |||||||| |||| 00| 0 eng d
020 ## - INTERNATIONAL STANDARD BOOK NUMBER
ISBN 9788131248850
100 ## - MAIN ENTRY--AUTHOR
Author Satyanarayana, U.
245 ## - TITLE STATEMENT
Title Biochemistry
250 ## - EDITION STATEMENT
Edition statement 5th
260 ## - PUBLICATION, DISTRIBUTION, ETC. (IMPRINT)
Place of publication India
Name of publisher Elsevier
Date of publication 2018
300 ## - COLLATION
Pagination Vi,777p.
Other physical details Ill.
650 ## - TRACINGS
Main Subject Biochemistry
700 ## - ADDITIONAL AUTHOR
Additional Author Chakvapani U.
942 ## - ADDED ENTRY ELEMENTS (KOHA)
Item type Books
050 ## - LIBRARY OF CONGRESS CALL NUMBER
Classification number QP514.2
Item number .S38
Holdings
Source of classification or shelving scheme Not for loan Permanent location Current location Date acquired Accession No. Full call number Barcode. Copy number Koha item type
Library of Congress Classification   Samuel Ogbemudia Main Library, University of Abuja Samuel Ogbemudia Main Library, University of Abuja 03/10/2026 2025/68912 QP514.2 .S38 2026-0101 1 Books